000 00858nam a2200265 a 4500
001 000017223
003 OSt
005 20260321073640.0
008 100319s2009 dr ac 001 0 spa d
020 _z978994527813
040 _aDO-SdBNP
_bspa
_cDO-SdBNP
049 _a
082 _aBNPHU 923.27293
_bB742C
100 1 _aColombo, Ramón E.,
_d1947-
_937868
245 1 0 _aBosch :
_bla palabra y el eco /
_cRamón E. Colombo.
260 _aSanto Domingo :
_bAlfa y Omega,
_c2009.
300 _a108 p. :
_bil. ; retrs. ;
_c28 cm.
500 _aIncluye índice onomástico
500 _aIncluye datos biográficos del autor en la solapa de la cubierta
590 _aInventariado,2020/VM
600 1 0 _a Bosch, Juan,
_d1909-2001
_vEntrevistas
_976555
651 1 0 _aRepública Dominicana
_xPolítica y gobierno
_945
942 _2ddc
_cLBS1
956 _aVMateo
999 _c16748
_d16748